000 00609nam a22002417a 4500
003 UA-OsUOA
001 66976
007 ta
008 20100204b un ||||| |||| 00| 0 ukr d
100 _aЦілий В.
090 _a821.161.2
_bЦ75
942 _cBK
040 _aUA-OsUOA
_bukr
_cUA-OsUOA
_dUA-OsUOA
245 _aОстаннє яблуко
300 _a143 с.
955 _a2
041 _aukr
080 _a821.161.2
020 _a978-966-2133-0
260 _aК.
_bПросвіта
_c2007
650 7 _a82 Література. Літературознавство
_2UDC
999 _c352924
_d352924